Normal view
MARC view
- Lawrence C. Evans
Entry Personal Name
001 - CONTROL NUMBER
- control field: 10471
003 - CONTROL NUMBER IDENTIFIER
- control field: NUST
005 - DATE AND TIME OF LATEST TRANSACTION
- control field: 20180523054101.0
008 - FIXED-LENGTH DATA ELEMENTS
- fixed length control field: 180523|| aca||aabn | a|a d
040 ## - CATALOGING SOURCE
- Original cataloging agency: NUST
- Transcribing agency: NUST
100 ## - HEADING--PERSONAL NAME
- Personal name: Lawrence C. Evans
670 ## - SOURCE DATA FOUND
- Source citation: Work cat.: (NUST): Lawrence C. Evans , Partial Differential Equations , 2010
